Panduan Pengajaran kemahiran asas permainan

Bibliographic Details
Main Author: Teng Boon Tong
Format: Book
Published: Petaling Jaya : Longman , 1993
Series:Siri pendidikan Longman
Subjects:

MARC

LEADER 00000cam a2200000 7i4500
001 0000003571
002 000003842
005 20000330.0
020 |a 9837400927 
090 0 0 |a 796   |b TEN 
100 0 |a Teng Boon Tong 
245 1 0 |a Panduan Pengajaran kemahiran asas permainan   |c Teng Boon Tong 
260 |a Petaling Jaya :   |b Longman ,   |c 1993 
300 |a 184p. ;   |c 22cm. 
490 0 |a Siri pendidikan Longman 
650 0 0 |a Sports 
999 |a 037089   |b BUKU   |c PINJAMAN   |e PERPUSTAKAAN KOMUNITI PETALING JAYA